Cultivo de colza /

Guardado en:
Autor Corporativo: Instituto Nacional de Tecnología Agropecuaria (Argentina)
Otros Autores: Iriarte, Liliana B., Valetti, Omar E.
Formato: Libro
Idioma:Spanish
Publicado: Buenos Aires : INTA, 2008.
Etiquetas: Agregar Etiqueta
Sin Etiquetas, Sea el primero en etiquetar este registro!
LEADER 00635nam a22001815a 4500
001 EEA.libagro008002
005 20161117101755.0
008 130809s2008####ag#a##########000#0#spa#d
020 |a 9789875212886 
082 0 4 |a 633.853 
245 1 0 |a Cultivo de colza /  |c Liliana B. Iriarte ; Omar Valetti, eds. 
260 |a Buenos Aires :  |b INTA,  |c 2008. 
300 |a 152 p. :  |b il. ;  |c 21 cm. 
700 1 |a Iriarte, Liliana B. 
700 1 |a Valetti, Omar E. 
710 2 |a Instituto Nacional de Tecnología Agropecuaria (Argentina) 
859 |a AR-BbBCA  |b BIB. AGRONOMIA  |h 633.853  |i I68  |p 2008/5391 
859 |a AR-BbBCA  |b BIB. AGRONOMIA  |h 633.853  |i I68  |p 2008/5392  |t Ej.2